[Event "World Chess Olympiad 2018"]
[Site "Batumi"]
[Date "2018.09.24"]
[Round "1"]
[Board "4"]
[WhiteFideId "13602250"]
[White "Quparadze Giga"]
[BlackFideId "14531216"]
[Black "Jelic Dejan"]
[Result "1-0"]
[LiveChessVersion "1.4.8"]
[BlackElo "1890"]
[WhiteElo "2495"]

1. e4 {[%clk 1:30:54]} e5 {[%clk 1:30:58]} 2. Nf3 {[%clk 1:31:16]} Nc6
{[%clk 1:31:24]} 3. Bb5 {[%clk 1:31:39]} Nf6 {[%clk 1:31:36]} 4. d3
{[%clk 1:31:41]} Bc5 {[%clk 1:28:00]} 5. O-O {[%clk 1:32:01]} d6 {[%clk 1:27:46]}
6. c3 {[%clk 1:32:16]} Bb6 {[%clk 1:18:50]} 7. Nbd2 {[%clk 1:31:32]} a6
{[%clk 1:12:58]} 8. Ba4 {[%clk 1:31:30]} O-O {[%clk 1:08:47]} 9. Nc4
{[%clk 1:31:16]} Ba7 {[%clk 1:08:42]} 10. Bc2 {[%clk 1:30:20]} b5
{[%clk 0:55:55]} 11. Ne3 {[%clk 1:30:44]} Ne7 {[%clk 0:55:22]} 12. Re1
{[%clk 1:28:55]} c5 {[%clk 0:54:11]} 13. Nf1 {[%clk 1:28:32]} Ng6
{[%clk 0:53:38]} 14. Ng3 {[%clk 1:28:28]} Qc7 {[%clk 0:52:58]} 15. Bg5
{[%clk 1:28:36]} Ng4 {[%clk 0:51:08]} 16. h3 {[%clk 1:28:30]} h6 {[%clk 0:50:19]}
17. hxg4 {[%clk 1:28:38]} hxg5 {[%clk 0:50:40]} 18. Nxg5 {[%clk 1:29:04]} Qe7
{[%clk 0:48:27]} 19. Nh3 {[%clk 1:29:28]} Qh4 {[%clk 0:40:04]} 20. Nf5
{[%clk 1:29:51]} Bxf5 {[%clk 0:40:13]} 21. exf5 {[%clk 1:29:31]} Ne7
{[%clk 0:40:01]} 22. Qf3 {[%clk 1:29:50]} Rab8 {[%clk 0:35:49]} 23. g5
{[%clk 1:29:42]} f6 {[%clk 0:34:45]} 24. Bb3+ {[%clk 1:28:09]} c4
{[%clk 0:34:45]} 25. Re4 {[%clk 1:28:33]} Qh7 {[%clk 0:32:39]} 26. g6
{[%clk 1:28:55]} Qh6 {[%clk 0:32:50]} 27. dxc4 {[%clk 1:29:16]} bxc4
{[%clk 0:33:10]} 28. Rxc4 {[%clk 1:29:40]} 1-0

[Event "World Chess Olympiad 2018"]
[Site "Batumi"]
[Date "2018.09.24"]
[Round "1"]
[Board "1"]
[WhiteFideId "2903024"]
[White "Georgiev Vladimir"]
[BlackFideId "10500103"]
[Black "Pg Mohd Omar Ak Hira"]
[Result "1-0"]
[LiveChessVersion "1.4.8"]
[BlackElo "2175"]
[WhiteElo "2479"]

1. d4 {[%clk 1:30:05]} Nf6 {[%clk 1:30:40]} 2. Nf3 {[%clk 1:30:11]} g6
{[%clk 1:30:41]} 3. Nbd2 {[%clk 1:30:28]} d5 {[%clk 1:29:52]} 4. b4
{[%clk 1:30:45]} Bg7 {[%clk 1:27:55]} 5. e3 {[%clk 1:25:18]} O-O {[%clk 1:24:44]}
6. c4 {[%clk 1:24:51]} b6 {[%clk 1:16:39]} 7. Ba3 {[%clk 1:23:14]} dxc4
{[%clk 1:08:26]} 8. Bxc4 {[%clk 1:23:08]} Bb7 {[%clk 1:08:29]} 9. O-O
{[%clk 1:20:45]} a6 {[%clk 1:06:40]} 10. Qe2 {[%clk 1:17:31]} Nc6
{[%clk 1:03:30]} 11. Rfd1 {[%clk 1:13:33]} Nd5 {[%clk 0:58:09]} 12. Rac1
{[%clk 1:06:26]} Ncxb4 {[%clk 0:37:09]} 13. e4 {[%clk 1:05:13]} Nf4
{[%clk 0:37:24]} 14. Qe3 {[%clk 1:05:29]} Bh6 {[%clk 0:37:44]} 15. Kf1
{[%clk 1:00:28]} b5 {[%clk 0:23:04]} 16. Bxb4 {[%clk 0:59:08]} bxc4
{[%clk 0:17:50]} 17. g3 {[%clk 0:58:49]} c3 {[%clk 0:15:28]} 18. Bxc3
{[%clk 0:57:21]} Qd7 {[%clk 0:07:07]} 19. gxf4 {[%clk 0:56:41]} Qh3+
{[%clk 0:05:25]} 20. Ke1 {[%clk 0:54:05]} f5 {[%clk 0:04:28]} 21. Ng5
{[%clk 0:45:09]} Qxh2 {[%clk 0:03:27]} 22. Ndf3 {[%clk 0:42:49]} Qh5
{[%clk 0:00:50]} 23. d5 {[%clk 0:42:03]} Bxg5 {[%clk 0:00:34]} 24. Nxg5
{[%clk 0:42:19]} h6 {[%clk 0:00:39]} 25. Ne6 {[%clk 0:40:37]} Rf7
{[%clk 0:00:37]} 26. Rb1 {[%clk 0:40:39]} Rb8 {[%clk 0:00:31]} 27. Qa7
{[%clk 0:39:48]} Re8 {[%clk 0:00:38]} 28. Rxb7 {[%clk 0:39:35]} Qh1+
{[%clk 0:00:50]} 29. Kd2 {[%clk 0:39:51]} Qxe4 {[%clk 0:01:00]} 30. Qd4
{[%clk 0:39:49]} 1-0

[Event "World Chess Olympiad 2018"]
[Site "Batumi"]
[Date "2018.09.24"]
[Round "1"]
[Board "2"]
[WhiteFideId "10500499"]
[White "Pg Md Omar Ak Hafizon"]
[BlackFideId "15002187"]
[Black "Pancevski Filip"]
[Result "0-1"]
[LiveChessVersion "1.4.8"]
[BlackElo "2489"]
[WhiteElo "2125"]

1. e4 {[%clk 1:30:59]} d6 {[%clk 1:30:43]} 2. d4 {[%clk 1:30:59]} Nf6
{[%clk 1:31:11]} 3. Nc3 {[%clk 1:30:48]} e5 {[%clk 1:31:08]} 4. dxe5
{[%clk 1:30:59]} dxe5 {[%clk 1:31:37]} 5. Qxd8+ {[%clk 1:31:07]} Kxd8
{[%clk 1:32:05]} 6. Bc4 {[%clk 1:30:39]} Ke8 {[%clk 1:32:32]} 7. Nf3
{[%clk 1:30:21]} Bd6 {[%clk 1:32:40]} 8. Ng5 {[%clk 1:29:07]} Rf8
{[%clk 1:32:57]} 9. Nd5 {[%clk 1:29:06]} Nxd5 {[%clk 1:26:39]} 10. Bxd5
{[%clk 1:25:19]} h6 {[%clk 1:26:35]} 11. Nf3 {[%clk 1:25:29]} Nd7
{[%clk 1:26:07]} 12. Be3 {[%clk 1:24:20]} Nf6 {[%clk 1:22:05]} 13. O-O-O
{[%clk 1:20:30]} Ng4 {[%clk 1:05:46]} 14. Rhe1 {[%clk 1:18:32]} Ke7
{[%clk 1:01:31]} 15. Nd2 {[%clk 1:01:51]} Nxe3 {[%clk 0:57:27]} 16. Rxe3
{[%clk 1:02:10]} c6 {[%clk 0:55:43]} 17. Bb3 {[%clk 1:02:09]} Bc5
{[%clk 0:56:11]} 18. Re2 {[%clk 1:01:44]} b5 {[%clk 0:56:33]} 19. Nf3
{[%clk 1:00:27]} Bg4 {[%clk 0:42:22]} 20. Red2 {[%clk 0:58:56]} a5
{[%clk 0:24:42]} 21. a4 {[%clk 0:58:43]} Bxf3 {[%clk 0:23:04]} 22. Rd7+
{[%clk 0:57:17]} Kf6 {[%clk 0:23:08]} 23. gxf3 {[%clk 0:57:38]} Ra7
{[%clk 0:12:37]} 24. Rxa7 {[%clk 0:50:42]} Bxa7 {[%clk 0:13:05]} 25. Rd6+
{[%clk 0:50:56]} Kg5 {[%clk 0:12:07]} 26. Rxc6 {[%clk 0:51:14]} bxa4
{[%clk 0:12:31]} 27. Bxa4 {[%clk 0:51:08]} Bxf2 {[%clk 0:12:41]} 28. Ra6
{[%clk 0:49:10]} Be3+ {[%clk 0:08:05]} 29. Kd1 {[%clk 0:47:01]} Rd8+
{[%clk 0:06:58]} 30. Ke2 {[%clk 0:46:29]} Kf4 {[%clk 0:06:38]} 31. Rxa5
{[%clk 0:39:53]} Rd2+ {[%clk 0:07:02]} 32. Ke1 {[%clk 0:38:22]} Rxh2
{[%clk 0:06:42]} 33. c3 {[%clk 0:35:36]} Rxb2 {[%clk 0:07:00]} 34. Rd5
{[%clk 0:34:59]} Kxf3 {[%clk 0:04:16]} 35. Rxe5 {[%clk 0:25:08]} Bf4
{[%clk 0:04:16]} 36. Re7 {[%clk 0:24:05]} Rb1+ {[%clk 0:04:27]} 37. Bd1+
{[%clk 0:24:17]} Ke3 {[%clk 0:04:40]} 38. Rd7 {[%clk 0:23:51]} h5
{[%clk 0:03:59]} 39. Kf1 {[%clk 0:23:58]} g5 {[%clk 0:03:22]} 40. Kg2
{[%clk 0:50:19]} Rb2+ {[%clk 0:33:31]} 41. Kg1 {[%clk 0:49:22]} g4
{[%clk 0:32:02]} 42. Rd5 {[%clk 0:49:04]} Kxe4 {[%clk 0:32:20]} 0-1

[Event "World Chess Olympiad 2018"]
[Site "Batumi"]
[Date "2018.09.24"]
[Round "1"]
[Board "3"]
[WhiteFideId "15000605"]
[White "Nedev Trajko"]
[BlackFideId "10500324"]
[Black "Hj Azahari Md Aliuddin"]
[Result "1-0"]
[LiveChessVersion "1.4.8"]
[BlackElo "1991"]
[WhiteElo "2496"]

1. e4 {[%clk 1:30:56]} d6 {[%clk 1:30:38]} 2. d4 {[%clk 1:31:19]} Nf6
{[%clk 1:30:42]} 3. Nc3 {[%clk 1:31:44]} e5 {[%clk 1:29:27]} 4. Nf3
{[%clk 1:32:07]} Nbd7 {[%clk 1:29:43]} 5. Bc4 {[%clk 1:32:32]} Be7
{[%clk 1:29:22]} 6. O-O {[%clk 1:32:53]} O-O {[%clk 1:28:38]} 7. a4
{[%clk 1:33:17]} b6 {[%clk 1:17:54]} 8. Re1 {[%clk 1:33:14]} a6 {[%clk 1:16:01]}
9. h3 {[%clk 1:33:39]} Bb7 {[%clk 1:14:35]} 10. d5 {[%clk 1:33:49]} c6
{[%clk 1:08:20]} 11. dxc6 {[%clk 1:34:11]} Bxc6 {[%clk 1:08:41]} 12. Bg5
{[%clk 1:34:28]} h6 {[%clk 1:05:31]} 13. Bxf6 {[%clk 1:28:03]} Nxf6
{[%clk 1:04:56]} 14. Qe2 {[%clk 1:28:21]} Bb7 {[%clk 1:00:49]} 15. Rad1
{[%clk 1:24:45]} Qc7 {[%clk 0:55:53]} 16. Nh2 {[%clk 1:12:16]} Rfc8
{[%clk 0:48:31]} 17. Bb3 {[%clk 1:05:42]} Qc5 {[%clk 0:45:34]} 18. Ng4
{[%clk 1:03:09]} Nxg4 {[%clk 0:32:54]} 19. Qxg4 {[%clk 1:02:45]} Rc7
{[%clk 0:25:45]} 20. Qh5 {[%clk 0:55:21]} Bf6 {[%clk 0:21:27]} 21. Re3
{[%clk 0:42:49]} b5 {[%clk 0:13:26]} 22. axb5 {[%clk 0:35:49]} axb5
{[%clk 0:13:45]} 23. Rf3 {[%clk 0:36:10]} b4 {[%clk 0:04:37]} 24. Ne2
{[%clk 0:30:07]} Ba6 {[%clk 0:01:33]} 25. Ng3 {[%clk 0:29:55]} Bc4
{[%clk 0:01:03]} 26. Rxf6 {[%clk 0:27:44]} Bxb3 {[%clk 0:00:45]} 27. cxb3
{[%clk 0:28:06]} gxf6 {[%clk 0:00:51]} 28. Qxh6 {[%clk 0:28:12]} d5
{[%clk 0:00:40]} 29. Nh5 {[%clk 0:28:32]} 1-0

[Event "World Chess Olympiad 2018"]
[Site "Batumi"]
[Date "2018.09.24"]
[Round "1"]
[Board "4"]
[WhiteFideId "10501673"]
[White "Sharikhan Shawal"]
[BlackFideId "15002314"]
[Black "Nikolovski Nikola"]
[Result "0-1"]
[LiveChessVersion "1.4.8"]
[BlackElo "2388"]
[WhiteElo "1712"]

1. Nf3 {[%clk 1:30:49]} f5 {[%clk 1:30:50]} 2. c4 {[%clk 1:29:41]} Nf6
{[%clk 1:31:10]} 3. Nc3 {[%clk 1:29:25]} e6 {[%clk 1:29:05]} 4. d3
{[%clk 1:25:56]} Bb4 {[%clk 1:20:14]} 5. Bd2 {[%clk 1:21:07]} O-O
{[%clk 1:19:21]} 6. g3 {[%clk 1:20:11]} d6 {[%clk 1:13:40]} 7. Bg2
{[%clk 1:16:55]} e5 {[%clk 1:12:17]} 8. a3 {[%clk 1:11:40]} Bxc3 {[%clk 1:11:36]}
9. bxc3 {[%clk 1:08:51]} Qe8 {[%clk 1:10:15]} 10. O-O {[%clk 1:01:21]} Nc6
{[%clk 1:10:07]} 11. Qb3 {[%clk 0:50:36]} Kh8 {[%clk 1:09:42]} 12. Ne1
{[%clk 0:47:47]} Qh5 {[%clk 1:08:00]} 13. f3 {[%clk 0:41:20]} Rb8
{[%clk 1:01:46]} 14. Nc2 {[%clk 0:39:11]} b6 {[%clk 0:54:27]} 15. Nb4
{[%clk 0:31:15]} Na5 {[%clk 0:52:06]} 16. Qa2 {[%clk 0:30:01]} c6
{[%clk 0:51:57]} 17. Be3 {[%clk 0:26:37]} Be6 {[%clk 0:51:00]} 18. a4
{[%clk 0:21:01]} Rbe8 {[%clk 0:50:19]} 19. Rab1 {[%clk 0:19:34]} g5
{[%clk 0:46:47]} 20. Qd2 {[%clk 0:18:07]} Rg8 {[%clk 0:45:00]} 21. Nc2
{[%clk 0:13:07]} Rg6 {[%clk 0:44:39]} 22. Bf2 {[%clk 0:10:50]} g4
{[%clk 0:37:57]} 23. Be3 {[%clk 0:08:10]} f4 {[%clk 0:34:47]} 24. Bxf4
{[%clk 0:04:33]} exf4 {[%clk 0:31:48]} 25. Qxf4 {[%clk 0:04:14]} Rh6
{[%clk 0:32:09]} 26. Ne3 {[%clk 0:03:11]} c5 {[%clk 0:16:46]} 27. Qxd6
{[%clk 0:01:47]} Bd7 {[%clk 0:11:57]} 28. Qf4 {[%clk 0:00:56]} Nc6
{[%clk 0:11:48]} 29. Nd5 {[%clk 0:00:50]} Nxd5 {[%clk 0:04:41]} 30. cxd5
{[%clk 0:01:09]} Ne5 {[%clk 0:05:04]} 31. d4 {[%clk 0:01:02]} Qxh2+
{[%clk 0:03:37]} 32. Kf2 {[%clk 0:01:24]} gxf3 {[%clk 0:04:02]} 33. exf3
{[%clk 0:00:51]} Nd3# {[%clk 0:04:25]} 0-1

[Event "World Chess Olympiad 2018"]
[Site "Batumi"]
[Date "2018.09.24"]
[Round "1"]
[Board "1"]
[WhiteFideId "11503017"]
[White "Miqdad Fadi"]
[BlackFideId "2300117"]
[Black "Steingrimsson Hedinn"]
[Result "0-1"]
[LiveChessVersion "1.4.8"]
[BlackElo "2573"]
[WhiteElo "1964"]

1. d4 {[%clk 1:30:39]} Nf6 {[%clk 1:30:47]} 2. Nf3 {[%clk 1:30:43]} g6
{[%clk 1:28:47]} 3. Bf4 {[%clk 1:30:11]} Bg7 {[%clk 1:22:48]} 4. Nc3
{[%clk 1:30:27]} d5 {[%clk 1:22:26]} 5. e3 {[%clk 1:28:39]} O-O {[%clk 1:20:49]}
6. Be2 {[%clk 1:28:54]} c5 {[%clk 1:18:40]} 7. Nb5 {[%clk 1:28:20]} Nc6
{[%clk 0:57:57]} 8. Nc7 {[%clk 1:22:59]} Rb8 {[%clk 0:55:21]} 9. Nb5
{[%clk 1:21:27]} Ra8 {[%clk 0:55:49]} 10. Nc7 {[%clk 1:20:22]} e5
{[%clk 0:56:03]} 11. dxe5 {[%clk 1:17:01]} Qxc7 {[%clk 0:56:30]} 12. exf6
{[%clk 1:17:13]} Qa5+ {[%clk 0:56:58]} 13. Qd2 {[%clk 1:14:12]} Qxd2+
{[%clk 0:54:36]} 14. Nxd2 {[%clk 1:14:30]} Bxf6 {[%clk 0:55:03]} 15. c3
{[%clk 1:12:54]} d4 {[%clk 0:48:39]} 16. Ne4 {[%clk 0:58:52]} Bg7
{[%clk 0:48:50]} 17. cxd4 {[%clk 0:58:18]} cxd4 {[%clk 0:49:16]} 18. O-O
{[%clk 0:57:01]} dxe3 {[%clk 0:39:14]} 19. Bxe3 {[%clk 0:57:21]} Bxb2
{[%clk 0:38:24]} 20. Rab1 {[%clk 0:55:16]} Bd4 {[%clk 0:36:53]} 21. Nd6
{[%clk 0:52:38]} Bxe3 {[%clk 0:26:24]} 22. fxe3 {[%clk 0:52:23]} Rb8
{[%clk 0:26:51]} 23. Bf3 {[%clk 0:45:06]} Na5 {[%clk 0:19:26]} 24. Rb4
{[%clk 0:27:48]} Be6 {[%clk 0:12:21]} 25. Nxb7 {[%clk 0:24:56]} Nc4
{[%clk 0:09:18]} 26. Ra1 {[%clk 0:17:29]} Rfc8 {[%clk 0:07:58]} 27. Ra4
{[%clk 0:15:38]} Nd2 {[%clk 0:07:48]} 28. Nd6 {[%clk 0:13:26]} Nxf3+
{[%clk 0:08:16]} 29. gxf3 {[%clk 0:13:41]} Rc2 {[%clk 0:08:26]} 30. a3
{[%clk 0:08:00]} Rbb2 {[%clk 0:08:32]} 31. Rh4 {[%clk 0:08:16]} g5
{[%clk 0:08:08]} 32. Rh5 {[%clk 0:08:09]} f6 {[%clk 0:05:07]} 33. Ne4
{[%clk 0:04:18]} Kg7 {[%clk 0:05:04]} 34. Ng3 {[%clk 0:02:12]} Kg6
{[%clk 0:04:42]} 35. f4 {[%clk 0:00:35]} Rg2+ {[%clk 0:05:08]} 36. Kf1
{[%clk 0:00:36]} Bc4+ {[%clk 0:05:16]} 0-1

[Event "World Chess Olympiad 2018"]
[Site "Batumi"]
[Date "2018.09.24"]
[Round "1"]
[Board "2"]
[WhiteFideId "2300087"]
[White "Stefansson Hannes"]
[BlackFideId "11502398"]
[Black "Wazwaz Amjad"]
[Result "1-0"]
[LiveChessVersion "1.4.8"]
[BlackElo "1986"]
[WhiteElo "2502"]

1. d4 {[%clk 1:30:55]} Nf6 {[%clk 1:30:47]} 2. c4 {[%clk 1:31:09]} g6
{[%clk 1:31:05]} 3. Nf3 {[%clk 1:30:38]} Bg7 {[%clk 1:31:29]} 4. g3
{[%clk 1:30:55]} O-O {[%clk 1:31:45]} 5. Bg2 {[%clk 1:31:16]} d6 {[%clk 1:32:09]}
6. O-O {[%clk 1:31:35]} Nc6 {[%clk 1:32:32]} 7. Nc3 {[%clk 1:31:38]} e5
{[%clk 1:31:59]} 8. d5 {[%clk 1:22:05]} Ne7 {[%clk 1:31:42]} 9. Ne1
{[%clk 1:21:53]} Nd7 {[%clk 1:31:56]} 10. e4 {[%clk 1:21:43]} f5 {[%clk 1:31:36]}
11. Nd3 {[%clk 1:21:51]} fxe4 {[%clk 1:25:50]} 12. Nxe4 {[%clk 1:21:48]} Nf6
{[%clk 1:25:11]} 13. Bg5 {[%clk 1:16:52]} Nf5 {[%clk 1:24:31]} 14. Qd2
{[%clk 1:13:53]} Nxe4 {[%clk 1:21:28]} 15. Bxe4 {[%clk 1:14:15]} Qe8
{[%clk 1:21:48]} 16. Rae1 {[%clk 1:09:31]} Nd4 {[%clk 1:21:36]} 17. f3
{[%clk 0:50:28]} Bh3 {[%clk 1:13:58]} 18. Rf2 {[%clk 0:50:40]} Bf5
{[%clk 1:13:32]} 19. Qd1 {[%clk 0:48:51]} h6 {[%clk 1:04:04]} 20. Be3
{[%clk 0:48:32]} Bxe4 {[%clk 1:01:06]} 21. fxe4 {[%clk 0:48:55]} Rxf2
{[%clk 0:59:05]} 22. Bxf2 {[%clk 0:49:06]} Qf7 {[%clk 0:59:06]} 23. Bxd4
{[%clk 0:48:22]} exd4 {[%clk 0:59:16]} 24. Nf4 {[%clk 0:48:24]} c5
{[%clk 0:57:28]} 25. Ne6 {[%clk 0:44:01]} Be5 {[%clk 0:52:45]} 26. Rf1
{[%clk 0:42:16]} Qe7 {[%clk 0:52:09]} 27. Qg4 {[%clk 0:40:36]} Kh7
{[%clk 0:50:36]} 28. Qf3 {[%clk 0:40:37]} Kg8 {[%clk 0:49:42]} 29. Qg4
{[%clk 0:35:18]} Kh7 {[%clk 0:49:58]} 30. Qh3 {[%clk 0:35:41]} Re8
{[%clk 0:36:09]} 31. Rf3 {[%clk 0:34:26]} Bg7 {[%clk 0:21:34]} 32. a4
{[%clk 0:31:42]} Rf8 {[%clk 0:19:55]} 33. Nxf8+ {[%clk 0:31:06]} Bxf8
{[%clk 0:20:15]} 34. Qe6 {[%clk 0:30:35]} Qd8 {[%clk 0:18:27]} 35. Rf7+
{[%clk 0:29:19]} Bg7 {[%clk 0:18:44]} 36. Qe7 {[%clk 0:28:08]} Qxe7
{[%clk 0:15:15]} 37. Rxe7 {[%clk 0:28:32]} Kg8 {[%clk 0:14:13]} 38. Rxb7
{[%clk 0:28:27]} d3 {[%clk 0:14:16]} 39. Kf2 {[%clk 0:28:41]} Bd4+
{[%clk 0:14:28]} 40. Ke1 {[%clk 0:59:01]} Bg1 {[%clk 0:44:40]} 41. h3
{[%clk 0:59:11]} Bh2 {[%clk 0:44:57]} 42. g4 {[%clk 0:59:26]} a5 {[%clk 0:42:56]}
43. Kd2 {[%clk 0:59:30]} Bg3 {[%clk 0:42:40]} 44. Ra7 {[%clk 0:59:31]} 1-0

[Event "World Chess Olympiad 2018"]
[Site "Batumi"]
[Date "2018.09.24"]
[Round "1"]
[Board "3"]
[WhiteFideId "11504951"]
[White "Toom Omar"]
[BlackFideId "2300699"]
[Black "Gretarsson Helgi Ass"]
[Result "0-1"]
[LiveChessVersion "1.4.8"]
[BlackElo "2448"]
[WhiteElo "1905"]

1. e4 {[%clk 1:30:54]} g6 {[%clk 1:30:36]} 2. d4 {[%clk 1:30:57]} Bg7
{[%clk 1:30:59]} 3. Nc3 {[%clk 1:30:28]} d6 {[%clk 1:31:19]} 4. Nf3
{[%clk 1:30:21]} a6 {[%clk 1:31:02]} 5. Bf4 {[%clk 1:28:59]} b5 {[%clk 1:27:19]}
6. g3 {[%clk 1:25:26]} Bb7 {[%clk 1:27:10]} 7. a3 {[%clk 1:23:37]} Nd7
{[%clk 1:22:35]} 8. Bg2 {[%clk 1:20:50]} c5 {[%clk 1:22:35]} 9. d5
{[%clk 1:17:15]} Ngf6 {[%clk 1:14:52]} 10. Nd2 {[%clk 1:14:42]} Nb6
{[%clk 1:03:32]} 11. Rb1 {[%clk 0:59:45]} Nfd7 {[%clk 0:53:13]} 12. Na2
{[%clk 0:47:24]} a5 {[%clk 0:49:02]} 13. b3 {[%clk 0:45:03]} Ba6 {[%clk 0:48:55]}
14. Bf1 {[%clk 0:38:17]} b4 {[%clk 0:45:16]} 15. Bxa6 {[%clk 0:37:40]} Rxa6
{[%clk 0:45:40]} 16. a4 {[%clk 0:37:56]} O-O {[%clk 0:39:28]} 17. Qe2
{[%clk 0:37:24]} Ra7 {[%clk 0:35:28]} 18. O-O {[%clk 0:37:24]} Qc8
{[%clk 0:30:08]} 19. Be3 {[%clk 0:36:08]} Rc7 {[%clk 0:29:32]} 20. Qb5
{[%clk 0:34:39]} Qa8 {[%clk 0:29:39]} 21. Rfc1 {[%clk 0:31:37]} Rb8
{[%clk 0:11:57]} 22. Qe2 {[%clk 0:27:44]} c4 {[%clk 0:12:18]} 23. Bxb6
{[%clk 0:27:57]} Nxb6 {[%clk 0:12:43]} 24. Nxc4 {[%clk 0:28:07]} Nxc4
{[%clk 0:11:43]} 25. bxc4 {[%clk 0:28:27]} Qa6 {[%clk 0:12:10]} 26. Qd3
{[%clk 0:25:21]} Qxc4 {[%clk 0:12:22]} 27. Rb3 {[%clk 0:24:41]} Rbc8
{[%clk 0:11:36]} 28. Qf3 {[%clk 0:23:44]} Bh6 {[%clk 0:11:46]} 29. Rcb1
{[%clk 0:11:06]} Qxc2 {[%clk 0:12:07]} 30. R1b2 {[%clk 0:11:06]} Qc4
{[%clk 0:12:15]} 31. Re2 {[%clk 0:09:17]} Qd4 {[%clk 0:12:11]} 32. Rbb2
{[%clk 0:09:06]} Qd1+ {[%clk 0:12:06]} 33. Kg2 {[%clk 0:08:49]} Qxa4
{[%clk 0:12:28]} 34. Qd3 {[%clk 0:08:11]} Bg7 {[%clk 0:12:19]} 35. Rb3
{[%clk 0:06:29]} Rc5 {[%clk 0:12:36]} 36. h4 {[%clk 0:04:56]} Qb5
{[%clk 0:12:58]} 37. Qd1 {[%clk 0:04:48]} Rc4 {[%clk 0:12:56]} 38. Rb1
{[%clk 0:03:03]} a4 {[%clk 0:11:21]} 39. Nc1 {[%clk 0:02:28]} Rxc1
{[%clk 0:11:44]} 40. Rxc1 {[%clk 0:31:33]} Rxc1 {[%clk 0:42:09]} 41. Qd2
{[%clk 0:31:41]} b3 0-1

[Event "World Chess Olympiad 2018"]
[Site "Batumi"]
[Date "2018.09.24"]
[Round "1"]
[Board "4"]
[WhiteFideId "2301318"]
[White "Kjartansson Gudmundur"]
[BlackFideId "11501731"]
[Black "Allam Mohamed"]
[Result "1-0"]
[LiveChessVersion "1.4.8"]
[BlackElo "1948"]
[WhiteElo "2428"]

1. d4 {[%clk 1:30:51]} Nf6 {[%clk 1:30:30]} 2. c4 {[%clk 1:31:05]} e6
{[%clk 1:30:19]} 3. Nc3 {[%clk 1:29:26]} d5 {[%clk 1:29:44]} 4. cxd5
{[%clk 1:29:47]} exd5 {[%clk 1:29:41]} 5. Bg5 {[%clk 1:30:10]} Be7
{[%clk 1:29:07]} 6. e3 {[%clk 1:30:18]} c6 {[%clk 1:27:53]} 7. Bd3
{[%clk 1:30:32]} Bg4 {[%clk 1:24:44]} 8. Qc2 {[%clk 1:26:55]} Bh5
{[%clk 1:18:17]} 9. Nge2 {[%clk 1:14:32]} Bg6 {[%clk 1:10:27]} 10. Ng3
{[%clk 1:10:04]} Nh5 {[%clk 1:03:23]} 11. Bxe7 {[%clk 0:47:28]} Qxe7
{[%clk 1:03:37]} 12. Nxh5 {[%clk 0:46:11]} Bxh5 {[%clk 1:03:46]} 13. O-O
{[%clk 0:42:18]} Bg6 {[%clk 0:56:01]} 14. Rab1 {[%clk 0:40:04]} Na6
{[%clk 0:48:11]} 15. a3 {[%clk 0:39:33]} Nc7 {[%clk 0:37:45]} 16. b4
{[%clk 0:39:31]} O-O {[%clk 0:29:04]} 17. Bxg6 {[%clk 0:38:38]} hxg6
{[%clk 0:29:10]} 18. a4 {[%clk 0:38:52]} Rfd8 {[%clk 0:26:39]} 19. Rfd1
{[%clk 0:35:52]} Rd7 {[%clk 0:21:14]} 20. Rd3 {[%clk 0:34:33]} Rad8
{[%clk 0:20:57]} 21. Ne2 {[%clk 0:27:38]} a6 {[%clk 0:15:59]} 22. Rc3
{[%clk 0:26:43]} Kf8 {[%clk 0:15:00]} 23. Nc1 {[%clk 0:26:30]} Rb8
{[%clk 0:14:08]} 24. Nd3 {[%clk 0:26:48]} Kg8 {[%clk 0:13:26]} 25. Ne5
{[%clk 0:21:22]} Rdd8 {[%clk 0:12:47]} 26. Qd1 {[%clk 0:18:18]} Qe6
{[%clk 0:08:18]} 27. h4 {[%clk 0:14:20]} Qf5 {[%clk 0:07:23]} 28. g3
{[%clk 0:13:54]} f6 {[%clk 0:06:31]} 29. g4 {[%clk 0:13:49]} Qe6 {[%clk 0:05:27]}
30. Nxg6 {[%clk 0:13:56]} f5 {[%clk 0:04:41]} 31. gxf5 {[%clk 0:12:59]} Qe4
{[%clk 0:03:31]} 32. f3 {[%clk 0:12:30]} Qe8 {[%clk 0:03:50]} 33. Rb2
{[%clk 0:11:49]} Rd7 {[%clk 0:03:51]} 34. Rg2 {[%clk 0:10:38]} Rf7
{[%clk 0:03:48]} 35. Rg5 {[%clk 0:10:50]} Qd8 {[%clk 0:02:20]} 36. Rh5 1-0

[Event "World Chess Olympiad 2018"]
[Site "Batumi"]
[Date "2018.09.24"]
[Round "1"]
[Board "1"]
[WhiteFideId "927031"]
[White "Popovic Dusan"]
[BlackFideId "8200084"]
[Black "Matoewi Roger"]
[Result "1-0"]
[LiveChessVersion "1.4.8"]
[BlackElo "2067"]
[WhiteElo "2517"]

1. e4 {[%clk 1:30:56]} c5 {[%clk 1:28:56]} 2. Nf3 {[%clk 1:31:21]} d6
{[%clk 1:29:18]} 3. Bc4 {[%clk 1:31:45]} e6 {[%clk 1:25:25]} 4. O-O
{[%clk 1:31:54]} Nf6 {[%clk 1:25:20]} 5. Re1 {[%clk 1:30:36]} Be7
{[%clk 1:25:35]} 6. Bb3 {[%clk 1:29:55]} Nc6 {[%clk 1:24:14]} 7. c3
{[%clk 1:30:02]} Bd7 {[%clk 1:16:10]} 8. d4 {[%clk 1:20:20]} cxd4
{[%clk 1:16:01]} 9. cxd4 {[%clk 1:20:45]} O-O {[%clk 1:15:44]} 10. Nc3
{[%clk 1:20:14]} Rc8 {[%clk 1:00:29]} 11. h3 {[%clk 1:18:26]} Na5
{[%clk 0:51:54]} 12. Bc2 {[%clk 1:18:46]} Nc4 {[%clk 0:33:51]} 13. Bd3
{[%clk 1:09:26]} Qa5 {[%clk 0:29:16]} 14. Qe2 {[%clk 1:04:22]} b5
{[%clk 0:27:02]} 15. e5 {[%clk 1:00:29]} dxe5 {[%clk 0:24:36]} 16. dxe5
{[%clk 0:59:43]} Nd5 {[%clk 0:22:38]} 17. Nxd5 {[%clk 0:55:35]} exd5
{[%clk 0:22:50]} 18. Bg5 {[%clk 0:45:39]} Qd8 {[%clk 0:18:10]} 19. Bxe7
{[%clk 0:43:31]} Qxe7 {[%clk 0:18:29]} 20. b3 {[%clk 0:43:43]} Nb6
{[%clk 0:15:38]} 21. Bxb5 {[%clk 0:40:49]} Bxb5 {[%clk 0:15:51]} 22. Qxb5
{[%clk 0:41:14]} Rc3 {[%clk 0:16:08]} 23. Qe2 {[%clk 0:36:12]} Rfc8
{[%clk 0:14:20]} 24. Nd4 {[%clk 0:35:49]} Qh4 {[%clk 0:11:45]} 25. Rad1
{[%clk 0:33:40]} Re8 {[%clk 0:04:05]} 26. Qd2 {[%clk 0:25:34]} Rc7
{[%clk 0:02:48]} 27. Nf5 {[%clk 0:25:03]} Qh5 {[%clk 0:02:16]} 28. Qf4
{[%clk 0:24:54]} h6 {[%clk 0:01:43]} 29. e6 {[%clk 0:21:33]} Rc2 {[%clk 0:01:12]}
30. Qe5 {[%clk 0:21:22]} 1-0

[Event "World Chess Olympiad 2018"]
[Site "Batumi"]
[Date "2018.09.24"]
[Round "1"]
[Board "2"]
[WhiteFideId "8200165"]
[White "Giasi Viresh"]
[BlackFideId "937614"]
[Black "Roganovic Milos"]
[Result "0-1"]
[LiveChessVersion "1.4.8"]
[BlackElo "2527"]
[WhiteElo "2024"]

1. e4 {[%clk 1:30:55]} c5 {[%clk 1:30:45]} 2. Nf3 {[%clk 1:31:18]} Nc6
{[%clk 1:30:58]} 3. Nc3 {[%clk 1:30:46]} g6 {[%clk 1:28:26]} 4. Be2
{[%clk 1:30:12]} Bg7 {[%clk 1:27:10]} 5. O-O {[%clk 1:30:04]} d6 {[%clk 1:26:17]}
6. h3 {[%clk 1:26:52]} a6 {[%clk 1:20:03]} 7. a4 {[%clk 1:19:41]} e5
{[%clk 1:16:51]} 8. Bc4 {[%clk 1:19:37]} Nge7 {[%clk 1:16:24]} 9. d3
{[%clk 1:19:20]} O-O {[%clk 1:16:37]} 10. Nd5 {[%clk 1:14:27]} h6
{[%clk 1:14:57]} 11. Ne1 {[%clk 1:09:26]} Kh7 {[%clk 1:12:16]} 12. f4
{[%clk 1:07:30]} f5 {[%clk 1:11:40]} 13. Nxe7 {[%clk 0:59:30]} Qxe7
{[%clk 1:11:01]} 14. exf5 {[%clk 0:58:39]} Bxf5 {[%clk 1:10:21]} 15. Bd5
{[%clk 0:57:42]} exf4 {[%clk 1:06:26]} 16. Bxc6 {[%clk 0:57:09]} bxc6
{[%clk 1:06:39]} 17. Rxf4 {[%clk 0:57:31]} Rae8 {[%clk 1:04:46]} 18. Rf1
{[%clk 0:51:30]} Bd4+ {[%clk 1:03:58]} 19. Kh1 {[%clk 0:51:40]} Bg4
{[%clk 0:58:51]} 0-1